KOHA-Header-6

Cell and Molecular Biology (Record no. 1712)

000 -LEADER
fixed length control field 00304nam a2200121Ia 4500
008 - FIXED-LENGTH DATA ELEMENTS--GENERAL INFORMATION
fixed length control field 190723s9999 xx 000 0 und d
020 ## - INTERNATIONAL STANDARD BOOK NUMBER
International Standard Book Number 978-81-8473-705-9
100 ## - MAIN ENTRY--PERSONAL NAME
Personal name Nalini Chandar
245 #0 - TITLE STATEMENT
Title Cell and Molecular Biology
260 ## - PUBLICATION, DISTRIBUTION, ETC. (IMPRINT)
Place of publication, distribution, etc New Delhi
Name of publisher, distributor, etc Wolters kluwer
Date of publication, distribution, etc 2010
300 ## - PHYSICAL DESCRIPTION
Extent 236.:p
942 ## - ADDED ENTRY ELEMENTS (KOHA)
Koha item type Books
Holdings
Withdrawn status Lost status Damaged status Not for loan Collection code Permanent Location Current Location Shelving location Date acquired Full call number Barcode Date last seen Price effective from Koha item type
        Bio Sciences MAJU MAJU Shelf No.A37 2019-07-23 611.018 8335 2019-07-23 2019-07-23 Bio Science

Powered by Koha